It looks like you're offline.
Open Library logo
additional options menu

MARC record from Internet Archive

LEADER: 01413cam 2200385Ia 4500
001 ocm29264897
003 OCoLC
005 20220513200457.0
008 931108s1993 nyu 000 0 eng d
040 $aMVS$beng$cMVS$dOCLCG$dSYB$dOCLCQ$dOCLCA$dOCLCF$dOCLCQ$dOCLCO$dOCLCA$dOCLCO
020 $a0471581062
020 $a9780471581062
035 $a(OCoLC)29264897
050 14 $aQC21.2$b.H35 1993 manual
082 04 $a530$bH155f, 1993, manual
100 1 $aChristman, J. Richard.
245 10 $aSolutions manual :$bto accompany capital fundamentals of physics, fourth ed., including extended chapters /$cJ. Richard Christman and Edward Derringh.
246 3 $aFundamentals of physics
260 $aNew York :$bWiley,$c©1993.
300 $av, 404 pages ;$c28 cm
336 $atext$btxt$2rdacontent
337 $aunmediated$bn$2rdamedia
338 $avolume$bnc$2rdacarrier
500 $aManual accompanies the fourth ed. of Fundamentals of physics, including extended chapters, by David Halliday, Robert Resnick and Jearl Walker.
650 0 $aPhysics.
650 2 $aPhysics
650 6 $aPhysique.
650 7 $aphysics.$2aat
650 7 $aPhysics.$2fast$0(OCoLC)fst01063025
700 1 $aDerringh, Edward.
700 1 $aHalliday, David,$d1916-2010.
700 1 $aResnick, Robert,$d1923-2014.
700 1 $aWalker, Jearl,$d1945-
994 $aZ0$bP4A
948 $hNO HOLDINGS IN P4A - 12 OTHER HOLDINGS